000 01731nam a2200457 i 4500
001 14568
003 KOSZ 005
005 20210311111613.0
008 070608s1972 pl a f 001 0 pol
015 _aPB 1972/9884
035 _a991034762959705066
035 _a(PL-WaBN)b19355154-48omnis_nlop
035 _ab19355154
035 _a(OCoLC)830839439
035 _a(PL)b0000001935515
035 _a(EXLNZ-48OMNIS_NETWORK)9910296675805606
040 _aWA N
_cWA N
_dKOSZ 005/KK
_dKOSZ 005/RW
046 _k1972
080 _a621.313/.316
245 0 0 _aPoradnik montażu urządzeń elektrycznych :
_bpraca zbiorowa /
_c[autor Jerzy Bigalke i inni ].
260 _aWarszawa :
_bWydawnictwa Naukowo-Techniczne,
_c1972.
300 _a775, [1] stron :
_bilustracje ;
_c23 cm.
336 _aTekst
_btxt
_2rdacontent
337 _aBez urządzenia pośredniczącego
_bn
_2rdamedia
338 _aWolumin
_bnc
_2rdacarrier
380 _aKsiążki
380 _aPublikacje fachowe
388 _a1901-2000
504 _aBibliografia przy rozdziałach. Indeks.
521 _aKsiążka jest przeznaczona dla mistrzów iwykwalifikowanych elektromonterów; może by również przydatna dla techników i inżynierów pracujących przy montażu urządzeń i instalacji elektrycznych.
650 7 _aElektrotechnika
_2DBN
650 7 _aUrządzenia
655 7 _aPoradnik
_2DBN
658 _aInżynieria i technika
650 7 _aMontaż
700 1 _aBigalke, Jerzy
_eAutor
710 2 _aWydawnictwa Naukowo-Techniczne
_4pbl
856 _uhttp://koha.tu.koszalin.pl/cgi-bin/koha/opac-detail.pl?biblionumber=14568
_yKatalog online BPK
942 _2UKD
_cKS
999 _c14568
_d14568